000 00743nam a2200241 a 4500
001 C01531727c-0
003 CO-ViMGA
005 20230915234403.0
008 161029s2016 ck a gr 00010 spa d
020 _a958424941x
020 _a9789584249418
040 _aCO-ViMGA
_bspa
_cCO-ViMGA
082 0 4 _a306.7
_bS15s3
_219
100 1 _aSantos, Flavia Dos.
_97645
245 1 0 _aSexo mandamiento /
_cFlávia Dos Santos.
260 _aBogotá, D. C :
_bEditorial Planeta Colombiana,
_c2016.
300 _a189 páginas :
_bilustraciones, fotografías ;
_c22 cm.
650 1 4 _aCostumbres sexuales.
_97646
650 1 4 _aRelaciones sexuales.
_96066
650 1 4 _aSexo (Psicología)
_93333
650 1 4 _aSexualidad.
_96065
942 _2ddc
_cBK
999 _c37765
_d37765